Estadísticas para Cruzando Fronteras de Estados de México

Haz click aquí para tomar la prueba!

Estadísticas generales

  • Esta prueba ha sido tomada 623 veces
  • La puntuación promedio es 14 de 20

Estadísticas de respuestas

Comienza enVe al...Estado% Correcto
Baja CaliforniaEsteSonora
96%
Quintana RooOesteCampeche
86%
ColimaNorteJalisco
84%
ChihuahuaSurDurango
83%
SinaloaSurNayarit
83%
Nuevo LeónEsteTamaulipas
79%
SinaloaNorteSonora
73%
AguascalientesNorteZacatecas
73%
TabascoSurChiapas
71%
VeracruzNorteTamaulipas
67%
YucatánSurQuintana Roo
66%
GuanajuatoNorteSan Luis Potosí
63%
San Luis PotosíEsteVeracruz
63%
NayaritSurJalisco
62%
VeracruzSurOaxaca
62%
TlaxcalaEstePuebla
60%
QuerétaroOesteGuanajuato
58%
MéxicoOesteMichoacán
57%
HidalgoOesteQuerétaro
51%
MichoacánEsteGuerrero
46%

Distribución de puntuación

Porcentaje por número respondido

Porcentaje de gente con cada puntuación

Historial de tus puntuaciones

No has tomado esta prueba